| 000 -LEADER |
| fixed length control field |
01485cam a2200361 a 4500 |
| 001 - CONTROL NUMBER |
| control field |
16296679 |
| 005 - DATE AND TIME OF LATEST TRANSACTION |
| control field |
20170130084612.0 |
| 008 - FIXED-LENGTH DATA ELEMENTS--GENERAL INFORMATION |
| fixed length control field |
100622s2011 mnua b s001 0 eng |
| 010 ## - LIBRARY OF CONGRESS CONTROL NUMBER |
| LC control number |
2010026334 |
| 015 ## - NATIONAL BIBLIOGRAPHY NUMBER |
| National bibliography number |
GBB098904 |
| Source |
bnb |
| 016 7# - NATIONAL BIBLIOGRAPHIC AGENCY CONTROL NUMBER |
| Record control number |
015630160 |
| Source |
Uk |
| 020 ## - INTERNATIONAL STANDARD BOOK NUMBER |
| International Standard Book Number |
9780816665143 (hc : alk. paper) |
| 020 ## - INTERNATIONAL STANDARD BOOK NUMBER |
| International Standard Book Number |
0816665141 (hc : alk. paper) |
| 020 ## - INTERNATIONAL STANDARD BOOK NUMBER |
| International Standard Book Number |
9780816665150 (pb : alk. paper) |
| 020 ## - INTERNATIONAL STANDARD BOOK NUMBER |
| International Standard Book Number |
081666515X (pb : alk. paper) |
| 035 ## - SYSTEM CONTROL NUMBER |
| System control number |
(OCoLC)ocn617508620 |
| 043 ## - GEOGRAPHIC AREA CODE |
| Geographic area code |
nwcu--- |
| 050 00 - LIBRARY OF CONGRESS CALL NUMBER |
| Classification number |
N6603.2 .W45 2011 |
| 100 1# - MAIN ENTRY--PERSONAL NAME |
| Personal name |
Weiss, Rachel, |
| Dates associated with a name |
1954- |
| 245 10 - TITLE STATEMENT |
| Title |
To and from utopia in the new Cuban art / |
| Statement of responsibility, etc. |
Rachel Weiss. |
| 260 ## - PUBLICATION, DISTRIBUTION, ETC. (IMPRINT) |
| Place of publication, distribution, etc. |
Minneapolis : |
| Name of publisher, distributor, etc. |
University of Minnesota Press, |
| Date of publication, distribution, etc. |
c2011. |
| 300 ## - PHYSICAL DESCRIPTION |
| Extent |
xv, 322 p. : |
| Other physical details |
ill. (chiefly col.) ; |
| Dimensions |
26 cm. |
| 500 ## - GENERAL NOTE |
| General note |
Portions previously published in various sources. |
| 504 ## - BIBLIOGRAPHY, ETC. NOTE |
| Bibliography, etc |
Includes bibliographical references and index. |
| 650 #0 - SUBJECT ADDED ENTRY--TOPICAL TERM |
| Topical term or geographic name as entry element |
Art, Cuban |
| Chronological subdivision |
20th century |
| General subdivision |
Themes, motives. |
| 650 #0 - SUBJECT ADDED ENTRY--TOPICAL TERM |
| Topical term or geographic name as entry element |
Art and society |
| Geographic subdivision |
Cuba |
| General subdivision |
History |
| Chronological subdivision |
20th century. |
| 942 ## - ADDED ENTRY ELEMENTS (KOHA) |
| Source of classification or shelving scheme |
|
| Koha item type |
Hard Covered Materials |